000 00774cab a2200289 4500
001 ABS46176
008 090401t1992 xxu||||| |||| 00| 0 eng d
035 _a(Sirsi) u57063
041 _aeng
100 _aWhite, M.
245 _aCity grant guidance notes - the sequel
260 _c1992
350 _a0
490 _aEstates Gazette
_v(9210) 14 March 1992, 52-54(3)
520 _aDiscusses the revision of the DoE`s City Grant Guidance Notes published in January 1992.
650 _aCITY GRANT
650 _aDEVELOPMENT
650 _aDISCRETIONARY GRANTS
650 _aDOE
650 _aGRANTS
650 _aGUIDANCE NOTES
650 _aINNER CITIES
650 _aURBAN REGENERATION
690 _aURBAN RENEWAL
942 _n0
948 _c04/03/1997
999 _c34789
_d34789